00540nam a2200193 a 4500001001300000003000900013005001700022008004100039020000900080082002100089100002100110245006600131260004700197300000900244500003500253505001000288650002700298700002100325nice12345678IN_TiNIC20260116011657.0050524s1978 mada grp 000 0 eng  ac2500a306.0899145bVIN aVincent, Kaushal aSocio-Economic Study of Bhoilymbongb a Village in Meghalaya. aMadrasbChristian Literature Societyc1978 a378p aincludes index and biblioraphy2 aIndex aTribes-India-Meghalaya1 aVincent, Kaushal